Kalkulačně účelové pojetí nákladů v manažerském účetnictví. 2
Rôznorodosť kalkulačno účelového poňatia nákladov v manažérskom účtovníctve. Zisťovanie nákladov pre potreby finančného účtovníctva. Bežná kontrola nákladov. Zisťovanie a kontrola nákladov po línii zodpovednosti. Informácie o nákladoc z hľadiska cien. Informácie o nákladoch pre nerutinné rozhodovani...
Salvato in:
| Autore principale: | |
|---|---|
| Natura: | Capitolo di libro |
| Lingua: | ceco |
| Soggetti: | |
| Tags: |
Nessun Tag, puoi essere il primo ad aggiungerne!!
|
MARC
| LEADER | 00000naa a2200000 4500 | ||
|---|---|---|---|
| 001 | r015277 | ||
| 005 | 20221213083339.0 | ||
| 041 | 0 | |a cze | |
| 044 | |a CZ | ||
| 245 | 1 | 0 | |a Kalkulačně účelové pojetí nákladů v manažerském účetnictví. 2 |c J. Janout |
| 520 | |a Rôznorodosť kalkulačno účelového poňatia nákladov v manažérskom účtovníctve. Zisťovanie nákladov pre potreby finančného účtovníctva. Bežná kontrola nákladov. Zisťovanie a kontrola nákladov po línii zodpovednosti. Informácie o nákladoc z hľadiska cien. Informácie o nákladoch pre nerutinné rozhodovanie. Systém manažérskeho účtovníctva. Závery. Ekvivalenty v nemčine a angličtine. | ||
| 610 | 2 | 0 | |a účtovníctvo |
| 610 | 2 | 0 | |a manažéri |
| 610 | 2 | 0 | |a účtovníctvo vnútropodnikové |
| 610 | 2 | 0 | |a náklady |
| 610 | 2 | 0 | |a rozhodovanie |
| 610 | 2 | 0 | |a kalkulácia nákladov |
| 100 | 1 | |a Janout, J. | |